00484 a2200133 4500001001000000005001700010008004100027245010500068100002400173700002100197700002700218773008800245999001700333ART_4606220260410161731.0260409a 10aAnalizando la influencia de la educación universitaria en el perfil emprendedor de los estudiantes1 aOliveras, Guadalupe1 aVigier, Hernán1 aPorras, José Alberto0 tEscritos contables y de administracióng- Vol. 5, Nº 2 (jul./dic. 2014)wREV2758 c17847d17847